| 000 | 00470nam a22001457a 4500 | ||
|---|---|---|---|
| 005 | 20250327135952.0 | ||
| 008 | 161126b xxu||||| |||| 00| 0 eng d | ||
| 022 | _a01150839 | ||
| 082 |
_2October 2006-December 2007, v.47-48 _aDPer 613.05 _bH349 |
||
| 245 | _aHealth and home. | ||
| 260 |
_aCaloocan City: _bPhil. Publishing House, _cOct. 2006 - Dec. 2007. |
||
| 300 |
_a1 volume: _bcolor illustrations, _c27 cm. |
||
| 650 | 0 |
_aHealth _vPeriodicals _937175 |
|
| 942 |
_2ddc _cPER |
||
| 999 |
_c13289 _d13289 |
||